Privatization and emerging equity markets / (Registro nro. 12479)

Detalles MARC
000 -LEADER
fixed length control field 01210cam a2200265 a 4500
001 - CONTROL NUMBER
control field 2141031
003 - CONTROL NUMBER IDENTIFIER
control field OSt
005 - DATE AND TIME OF LATEST TRANSACTION
control field 20210920145818.0
008 - FIXED-LENGTH DATA ELEMENTS--GENERAL INFORMATION
fixed length control field 980112s1998 dcua b i000 0 eng
020 ## - INTERNATIONAL STANDARD BOOK NUMBER
International Standard Book Number 0821341871
040 ## - CATALOGING SOURCE
Original cataloging agency DLC
Transcribing agency CO-JMCR
Modifying agency DLC
082 00 - DEWEY DECIMAL CLASSIFICATION NUMBER
Classification number 338.9 /
Item number B213p
Edition number 23
100 1# - MAIN ENTRY--PERSONAL NAME
Personal name Ira W. Lieberman,
Relator term author
9 (RLIN) 40641
245 10 - TITLE STATEMENT
Title Privatization and emerging equity markets /
Statement of responsibility, etc. edited by Ira W. Lieberman and Christopher D. Kirkness
260 ## - PUBLICATION, DISTRIBUTION, ETC.
Place of publication, distribution, etc. Washington, D.C. :
-- London :
Name of publisher, distributor, etc. World Bank ;
Date of publication, distribution, etc. 1998.
300 ## - PHYSICAL DESCRIPTION
Extent xi, 144 pages :
Other physical details black and white illustrations and graphics ;
Dimensions 28 cm.
504 ## - BIBLIOGRAPHY, ETC. NOTE
Bibliography, etc. note Includes bibliographical references.
505 0# - FORMATTED CONTENTS NOTE
Formatted contents note Privatization provides criitical mass to Kick-Star new stock maketas. -- Privatizationsupplies investment opportunities that deepen existingf stock markets. -- Privatization often receves a crucial coost telecommunications. -- Privatization generates new and broader types of investor participation
650 14 - SUBJECT ADDED ENTRY--TOPICAL TERM
Topical term or geographic name entry element Privatization.
9 (RLIN) 40545
650 24 - SUBJECT ADDED ENTRY--TOPICAL TERM
Topical term or geographic name entry element Capital investments.
9 (RLIN) 40642
650 24 - SUBJECT ADDED ENTRY--TOPICAL TERM
Topical term or geographic name entry element Capital market.
9 (RLIN) 40643
700 1# - ADDED ENTRY--PERSONAL NAME
Personal name Lieberman, Ira W.,
Relator term editor
9 (RLIN) 40644
700 1# - ADDED ENTRY--PERSONAL NAME
Personal name Kirkness, Christopher D.,
Relator term editor
9 (RLIN) 40645
942 ## - ADDED ENTRY ELEMENTS (KOHA)
Source of classification or shelving scheme Dewey Decimal Classification
Koha item type Books
Existencias
Withdrawn status Lost status Source of classification or shelving scheme Damaged status Not for loan Home library Current library Shelving location Date acquired Source of acquisition Full call number Barcode Date last seen Copy number Price effective from Koha item type
    Dewey Decimal Classification     Biblioteca Pública José María del Castillo y Rada Biblioteca Pública José María del Castillo y Rada General Stacks 04/15/2018 Donación 338.9 / B213p 430005472 05/16/2024 Ej.1 03/10/2021 Books